| 000 | 00984 a2200169 4500 | ||
|---|---|---|---|
| 003 | Nust | ||
| 005 | 20230303093524.0 | ||
| 040 | _cNust | ||
| 082 | _a323.4,HIS | ||
| 100 |
_aHusain, Mahmud _9109734 |
||
| 245 |
_aA History of the Freedom Movement / _cMahmud Husain |
||
| 250 | _aVol.I | ||
| 300 | _axiii,630 p | ||
| 505 | _aIntroductory (Page-1), Symptoms of Decline (Page-58), Successors of Alamgir (Page-75), Ahmad Shah Alamgir II and Shah Alam (Page-107)The Sikh (Page-138), The Marathas (Page-164), The Nawab Wazirs of Ouds (Page-210), Asaf Jah I (Page-234), Shah Abadli and the Third Battle of Panipat (Page-257), The Rohillas (Page-303), The East India Company (Page380), Haider Ali (Page-399), Tipu Sultan I (Page-427), Tipu Sultan II (Page-465), Shah Waliullah (Page-491), Shah waliullah (Page512-541) The Reform Movement in Bengal (Page-542), Sayyid Ahmed Shahid I (Page-556), Sayyid Ahmed Shahid II (Page-581). | ||
| 650 |
_aFreedom movement _9108466 |
||
| 942 |
_2ddc _cBK |
||
| 999 |
_c190559 _d190559 |
||